000 00234nam a2200109Ia 4500
008 190216s9999||||xx |||||||||||||| ||und||
100 _aEkalavyan
245 0 _aChuzhikal
260 _bNbs Kottayam
650 _aMalayalam
942 _cBK
999 _c25917
_d25917